<?xml version="1.0" encoding="UTF-8"?>
<record
    xmlns:xsi="http://www.w3.org/2001/XMLSchema-instance"
    xsi:schemaLocation="http://www.loc.gov/MARC21/slim http://www.loc.gov/standards/marcxml/schema/MARC21slim.xsd"
    xmlns="http://www.loc.gov/MARC21/slim">

  <leader>00380nam a2200145Ia 4500</leader>
  <controlfield tag="008">150201s2010    xx            000 0 und d</controlfield>
  <datafield tag="082" ind1=" " ind2=" ">
    <subfield code="a">617.0183</subfield>
    <subfield code="b">M2010J</subfield>
  </datafield>
  <datafield tag="100" ind1=" " ind2=" ">
    <subfield code="a">JOSE,MAJI</subfield>
  </datafield>
  <datafield tag="245" ind1=" " ind2=" ">
    <subfield code="a">MANUAL OF ORAL HISTOLOGY &amp; ORAL PATH</subfield>
  </datafield>
  <datafield tag="250" ind1=" " ind2=" ">
    <subfield code="a">1ST</subfield>
  </datafield>
  <datafield tag="260" ind1=" " ind2=" ">
    <subfield code="b">C.B.S PUBLISHERS &amp; DISTRIBUTERS</subfield>
    <subfield code="a">DELHI</subfield>
    <subfield code="c">2010</subfield>
  </datafield>
  <datafield tag="300" ind1=" " ind2=" ">
    <subfield code="a">1-160</subfield>
  </datafield>
  <datafield tag="650" ind1=" " ind2=" ">
    <subfield code="a">ORAL PATHOLOGY</subfield>
  </datafield>
  <datafield tag="942" ind1=" " ind2=" ">
    <subfield code="2">ddc</subfield>
    <subfield code="c">BK</subfield>
    <subfield code="0">89</subfield>
  </datafield>
  <datafield tag="952" ind1=" " ind2=" ">
    <subfield code="0">0</subfield>
    <subfield code="1">0</subfield>
    <subfield code="2">ddc</subfield>
    <subfield code="4">0</subfield>
    <subfield code="7">0</subfield>
    <subfield code="a">FD</subfield>
    <subfield code="b">FD</subfield>
    <subfield code="d">2010-10-20</subfield>
    <subfield code="e">U.B.S.DELHI</subfield>
    <subfield code="g">310.00</subfield>
    <subfield code="h">1</subfield>
    <subfield code="i">SGTU</subfield>
    <subfield code="l">58</subfield>
    <subfield code="o">617.0183 M2010J</subfield>
    <subfield code="p">FD6186</subfield>
    <subfield code="r">2025-12-17 00:00:00</subfield>
    <subfield code="s">2025-12-17</subfield>
    <subfield code="w">2013-03-30</subfield>
    <subfield code="y">BK</subfield>
    <subfield code="k">620</subfield>
  </datafield>
  <datafield tag="952" ind1=" " ind2=" ">
    <subfield code="0">0</subfield>
    <subfield code="1">0</subfield>
    <subfield code="2">ddc</subfield>
    <subfield code="4">0</subfield>
    <subfield code="7">0</subfield>
    <subfield code="a">FD</subfield>
    <subfield code="b">FD</subfield>
    <subfield code="d">2010-10-20</subfield>
    <subfield code="e">U.B.S.DELHI</subfield>
    <subfield code="g">310.00</subfield>
    <subfield code="h">1</subfield>
    <subfield code="i">SGTU</subfield>
    <subfield code="l">65</subfield>
    <subfield code="m">1</subfield>
    <subfield code="o">617.0183 M2010J</subfield>
    <subfield code="p">FD6187</subfield>
    <subfield code="r">2025-12-18 00:00:00</subfield>
    <subfield code="s">2025-12-17</subfield>
    <subfield code="w">2013-03-30</subfield>
    <subfield code="y">BK</subfield>
    <subfield code="k">620</subfield>
  </datafield>
  <datafield tag="952" ind1=" " ind2=" ">
    <subfield code="0">0</subfield>
    <subfield code="1">0</subfield>
    <subfield code="2">ddc</subfield>
    <subfield code="4">0</subfield>
    <subfield code="7">0</subfield>
    <subfield code="a">FD</subfield>
    <subfield code="b">FD</subfield>
    <subfield code="d">2010-10-20</subfield>
    <subfield code="e">U.B.S.DELHI</subfield>
    <subfield code="g">310.00</subfield>
    <subfield code="h">1</subfield>
    <subfield code="i">SGTU</subfield>
    <subfield code="l">103</subfield>
    <subfield code="o">617.0183 M2010J</subfield>
    <subfield code="p">FD6188</subfield>
    <subfield code="r">2026-05-18 00:00:00</subfield>
    <subfield code="s">2026-04-27</subfield>
    <subfield code="w">2013-03-30</subfield>
    <subfield code="y">BK</subfield>
    <subfield code="k">620</subfield>
  </datafield>
  <datafield tag="952" ind1=" " ind2=" ">
    <subfield code="0">0</subfield>
    <subfield code="1">0</subfield>
    <subfield code="2">ddc</subfield>
    <subfield code="4">0</subfield>
    <subfield code="7">0</subfield>
    <subfield code="a">FD</subfield>
    <subfield code="b">FD</subfield>
    <subfield code="d">2010-10-20</subfield>
    <subfield code="e">U.B.S.DELHI</subfield>
    <subfield code="g">310.00</subfield>
    <subfield code="h">1</subfield>
    <subfield code="i">SGTU</subfield>
    <subfield code="l">47</subfield>
    <subfield code="m">1</subfield>
    <subfield code="o">617.0183 M2010J</subfield>
    <subfield code="p">FD6189</subfield>
    <subfield code="r">2023-06-23 00:00:00</subfield>
    <subfield code="s">2022-08-30</subfield>
    <subfield code="w">2013-03-30</subfield>
    <subfield code="y">BK</subfield>
    <subfield code="k">620</subfield>
  </datafield>
  <datafield tag="952" ind1=" " ind2=" ">
    <subfield code="0">0</subfield>
    <subfield code="1">0</subfield>
    <subfield code="2">ddc</subfield>
    <subfield code="4">0</subfield>
    <subfield code="7">0</subfield>
    <subfield code="a">FD</subfield>
    <subfield code="b">FD</subfield>
    <subfield code="d">2010-10-20</subfield>
    <subfield code="e">U.B.S.DELHI</subfield>
    <subfield code="g">310.00</subfield>
    <subfield code="h">1</subfield>
    <subfield code="i">SGTU</subfield>
    <subfield code="l">43</subfield>
    <subfield code="o">617.0183 M2010J</subfield>
    <subfield code="p">FD6190</subfield>
    <subfield code="r">2023-01-04 00:00:00</subfield>
    <subfield code="s">2023-01-04</subfield>
    <subfield code="w">2013-03-30</subfield>
    <subfield code="y">BK</subfield>
    <subfield code="k">620</subfield>
  </datafield>
  <datafield tag="999" ind1=" " ind2=" ">
    <subfield code="c">4518</subfield>
    <subfield code="d">4518</subfield>
  </datafield>
</record>
